00459nam a2200169 a 450000100060000000300090000600500170001500800410003202000150007304000280008808200160011610000330013224500290016526000440019430000190023865000320025716776CO-ViMGA20230915231056.0141112s2004 ck r 000 u spa d a9582812559 aCO-ViMGAbspacCO-ViMGA04a923.2 B654p1 aPolanco Alcántara, Tomás10aVida, Obra y Pensamiento aBogotá, cCirculo de Lectores, c2001 a221.p.il.fotos14aBOLIVAR, SIMON, 1783 - 1830